MARC

LEADER 00000nam0a2200000 4500
001 375465
005 20231102012734.0
035 |a (RuTPU)RU\TPU\retro\32904 
035 |a RU\TPU\book\279323 
090 |a 375465 
100 |a 20221220d1987 k y0rusy5003 ca 
101 0 |a rus 
102 |a RU 
105 |a a z 001zy 
200 1 |a Нижний палеозой юго-востока Сибирской платформы. Породы нижнекембрийских отложений и их генезис  |f И. В. Николаева [и др.]  |g Академия наук СССР (АН СССР), Сибирское отделение (СО), Институт геологии и геофизики (ИГиГ) ; отв. ред. Ю. П. Казанский 
210 |a Новосибирск  |c Наука  |d 1987 
215 |a 104 с.  |c ил. 
225 1 |a Труды института геологии и геофизики СО АН СССР  |v Вып. 710 
300 |a Авт. указаны перед вып. дан. 
320 |a Библиогр.: с. 67-71. 
606 1 |a Кембрийские отложения  |2 stltpush  |3 (RuTPU)RU\TPU\subj\14267  |9 40708 
610 1 |a Сибирская платформа 
610 1 |a осадочные породы 
610 1 |a генезис 
610 1 |a петрография 
610 1 |a стадиальный анализ 
610 1 |a вторичные процессы 
610 1 |a карбонатные минералы 
610 1 |a изотопный состав 
675 |a 551.732  |v 3 
701 1 |a Николаева  |b И. В.  |g Ирина Владимировна 
701 1 |a Бородаевская  |b З. В.  |g Зоя Владимировна 
701 1 |a Перозио  |b Г. Н.  |g Галина Николаевна 
701 1 |a Белобородова  |b Г. В.  |g Галина Владимировна 
702 1 |a Казанский  |b Ю. П.  |4 340 
712 0 2 |a Академия наук СССР (АН СССР)  |b Сибирское отделение (СО)  |b Институт геологии и геофизики (ИГиГ)  |c (Новосибирск)  |2 stltpush  |3 (RuTPU)RU\TPU\col\128 
801 0 |a RU  |b RuMRKP  |c 19950417  |g psbo 
801 1 |a RU  |b 63413507  |c 20140410 
801 2 |a RU  |b 63413507  |c 20221220  |g RCR 
942 |c BK